Statistics for Quiz Flag Of Caribbean Community

Click here to take the quiz!

General Stats

  • This quiz has been taken 11 times
  • The average score is 11 of 15

Answer Stats

Answer% Correct
Barbados
100%
Jamaica
100%
Dominica
91%
Haiti
91%
Antigua and Barbuda
82%
Bahamas
82%
Grenada
82%
Trinidad and Tobago
82%
Belize
73%
Guyana
73%
Saint Kitts and Nevis
73%
Saint Lucia
73%
Saint Vincent and the Grenadines
64%
Suriname
55%
Monserrat
18%

Score Distribution

Percentile by Number Answered

Percent of People with Each Score

Your Score History

You have not taken this quiz